| 000 | 00609nam a22002177a 4500 | ||
|---|---|---|---|
| 003 | OSt | ||
| 008 | 240802b |||||||| |||| 00| 0 eng d | ||
| 082 |
_a305.43 _bK98R |
||
| 100 | _aKumari, Pooja. | ||
| 245 |
_aRole of Women in Today's Agriculture : an impact study in samastipur district of bihar / _cby Pooja Kumari |
||
| 260 |
_b: RAU _c, 2015 _a.- Pusa, Samastipur |
||
| 300 | _aix,84p. | ||
| 502 | _bM. Sc. | ||
| 650 | _aHome Sciences | ||
| 650 | _aExtension and Communication Management | ||
| 650 | _aWomen | ||
| 650 | _aAgriculture | ||
| 650 | _aThesis | ||
| 650 | _aM. Sc. | ||
| 942 |
_2ddc _cT |
||
| 999 |
_c43195 _d43195 |
||